Statistics for Try scorers of the Ireland rugby union team. (2020 - …)

Click here to take the quiz!

General Stats

  • This quiz has been taken 42 times
  • The average score is 20 of 39

Answer Stats

TriesPlayersPosition% Correct
6James LoweWing
93%
1Tadgh FurlongProp
90%
4Bundee AkiCentre
87%
4Garry RingroseCentre
87%
8Josh van der FlierFlanker
87%
7Hugo KeenanWing
83%
3Jonathan SextonFly-half
83%
4Robbie HenshawCentre
83%
1Connor MurrayScrum-half
80%
3Jamison Gibson-ParkScrum-half
80%
4Andrew PorterProp
77%
2Caelan DorisNumber 8
73%
3Mack HansenWing
73%
2Dan SheehanHooker
70%
6Cian HealyProp
67%
5Keith EarlsWing
63%
3Jacob StockdaleFullback
60%
1Peter O'MahonyFlanker
60%
6Ronan KelleherHooker
57%
2Jack ConanNumber 8
53%
3Tadgh BeirneLock
53%
1Jordan LarmourFullback
47%
1Robert HerringHooker
43%
1Joey CarberyFly-half
40%
2Stuart McCloskeyCentre
40%
6Andrew ConwayWing
37%
2CJ StanderNumber 8
30%
3Finlay BealhamProp
30%
2Michael LowryFly-half
30%
1Ryan BairdLock
30%
1Billy BurnsFly-half
23%
1Chris FarrellCentre
17%
1Kieran TreadwellLock
17%
2Robert BaloucouneWing
13%
1Gavin CoombesNumber 8
10%
3Will ConnorsFlanker
10%
1David HeffernanHooker
7%
3Nick TimoneyNumber 8
7%
1Quinn RouxLock
3%

Score Distribution

Percentile by Number Answered

Percent of People with Each Score

Your Score History

You have not taken this quiz